000 00305nam a2200121Ia 4500
005 20251222143148.0
008 251222s9999||||xx |||||||||||||| ||spa||
020 _a84-220-1359-2
082 _a261.21/S33
245 0 _aFe y AteĆ­smo en el Mundo
264 _bBiblioteca de Autores Cristianos
942 _cLIB
999 _c12572
_d12572